Kedves ünneplő közönség

Elmentve itt :
Bibliográfiai részletek
Szerző: TÓFALVI Zoltán
Adatforrás:Meister
Forrásdokumentuma:Művelődés. -
9 sz., 1991, 1 p.
Nyelv:magyar
Kulcsszavak:művelődési élet
Magyarózd
HORVÁTH István
LEADER 00389nab a2200145 i 4500
001 bibPRO00002860
008 060524s1991 xx hun
040 |a Sz1 
041 |a hun 
100 1 |a TÓFALVI Zoltán 
245 1 0 |a Kedves ünneplő közönség  |c TÓFALVI Zoltán 
695 |a művelődési élet 
695 |a Magyarózd 
695 |a HORVÁTH István 
773 0 |t Művelődés. -  |g 9 sz., 1991, 1 p.